2. Ahora Que - Quevedo - Estadísticas

Estadísticas generales
  • Esta prueba ha sido intentada 54 veces
  • La puntuación promedio es 378 de 493
Estadísticas de respuestas
% Correcto
que
100%
Que
100%
¿Qué
100%
Y
100%
y
100%
el
97%
El
97%
él
97%
LI
97%
se
97%
es
93%
La
93%
la
93%
Linton
93%
lo
93%
pa'
93%
Si
93%
un
93%
a
90%
con
90%
hace
90%
palo
90%
Quevedo
90%
siempre
90%
trompeta
90%
Yo
90%
yo
90%
da
87%
de
87%
De
87%
Esta
87%
esta
87%
está
87%
know
87%
mai
87%
Te
87%
Yeah
87%
yeah
87%
you
87%
isla
83%
me
83%
Me
83%
mi
83%
83%
Mi
83%
O
83%
regalo
83%
suelta
83%
vi
83%
vida
83%
comienzo
80%
en
80%
En
80%
era
80%
éramo'
80%
LPGC
80%
mami
80%
Mami
80%
no
80%
robó
80%
rozando
80%
ser
80%
show
80%
sky
80%
Solo
80%
tu
80%
ve'
80%
ve
80%
beso
77%
cabrón
77%
colega'
77%
inspiración
77%
juro
77%
muy
77%
tenso
77%
tiempo'
77%
cuando
73%
cuatro
73%
Los
73%
los
73%
pongo
73%
siente
73%
2021
70%
2022
70%
2023
70%
2024
70%
ahora
70%
cada
70%
coronar
70%
día
70%
Diosito
70%
don
70%
ella
70%
eran
70%
esfuerzo
70%
haríamo'
70%
historia
70%
na'
70%
nunca
70%
Nunca
70%
Papi
70%
papi
70%
pasa
70%
pasando
70%
pienso
70%
rápido
70%
resto
70%
sabía
70%
sacrificio
70%
sean
70%
sembrar
70%
tiempos
70%
to'
70%
tus
70%
vértigo
70%
vez
70%
desaparecer
67%
documental
67%
estaba
67%
junté
67%
mano
67%
más
67%
memoria
67%
mente
67%
mierda
67%
ni
67%
novia
67%
Pero
67%
pero
67%
quiero
67%
quiero?
67%
recoger
67%
recuerdo
67%
dinero
63%
entregó
63%
estuvieron
63%
favoritos
63%
Grábamo'
63%
irán
63%
lloramo'
63%
mal
63%
muero
63%
nadie
63%
olvido
63%
por
63%
puse
63%
reímo'
63%
Sergi
63%
sobra
63%
solamente
63%
todo
63%
tranquilo
63%
Ya
63%
aka
60%
capital
60%
eh
60%
habla
60%
mamá
60%
Momentos
60%
nos
60%
palos
60%
tenemo'
60%
Tenemo'
60%
trabajando
60%
tranquila
60%
va
60%
cama
57%
cero'
57%
coger
57%
Confiaron
57%
fotos
57%
frontea
57%
había
57%
hablen
57%
hermana
57%
mil
57%
otra
57%
podría
57%
siete
57%
también
57%
ven
57%
colegio
53%
cuero
53%
Edu
53%
escoger
53%
Félix
53%
hablar
53%
intenten
53%
party
53%
piba
53%
pone
53%
saca
53%
tampoco
53%
Asientos
50%
aunque
50%
color
50%
contento
50%
entero
50%
España
50%
LB
50%
mundo
50%
Pega'o
50%
pega'o
50%
Rosito
50%
del
47%
dime
47%
hay
47%
ofrezcan
47%
quién
47%
vino
47%
WOS
47%
duro
43%
iceberg
43%
Porsche
43%
punta
43%
cima
40%
eso
40%
uno
40%
clika
37%
pisa
37%
querer
37%
sin
37%
fumando
33%
porque
33%
río
33%
escribiendo
27%
hacerlo
27%
Cayenne
23%
Saot
23%
No se encontraron pruebas coincidentes
Distribución de puntuación
Porcentaje de gente con cada puntuación
Porcentaje por número respondido
Historial de tus puntuaciones
No has intentado esta prueba.